| 000 | 00664nam a2200217 a 4500 | ||
|---|---|---|---|
| 001 | 5909 | ||
| 003 | CDMR | ||
| 005 | 20130403110659.0 | ||
| 008 | 130220s1996||||||||||||||||||||||||||||d | ||
| 020 | _a8473063708 | ||
| 040 |
_aCDMR _bcat _cCDMR |
||
| 100 | 1 |
_92923 _aArtís-Gener, Avel·lí _d1912-2000 |
|
| 245 | 1 | 0 |
_aViure i veure _cAvel·lí Artís-Gener (Tísner) _b: 1 |
| 260 |
_aBarcelona _bPòrtic _c1989 |
||
| 300 |
_a476 p ; _c16 cm |
||
| 490 | 0 |
_aVides i memòries _v1 |
|
| 500 | _aL'exemplar correspon al 1r volum de l'obra Viure i Veure | ||
| 500 | _aHomenatge a Nikolai Vapsàrov | ||
| 600 | 1 |
_92923 _aArtís-Gener, Avel·lí _d1912-2000 |
|
| 942 |
_cMON _2udc |
||
| 999 |
_c5909 _d5909 |
||